=LDR 00000nam 2200000 4500 =001 INLIS000000000049414 =005 20200420085754 =035 ##$$a 0010-021700000000206 =008 200420###########################0###### =020 ##$$a 978-602-9283-32-5 =040 ##$$a NBPDMAT =082 ##$$a 297.400 959 865 32 =090 ##$$a 297.400 959 865 32 $b Muh i =100 ##$$a Muhammad Mutawali =245 1#$$a Islam di Bima : $b : Implementasi hukum Islam oleh Badan Hukum Syara' kesultanan Bima (1947 - 1960) /$c / Muhammad Mutawali; Editor, Mukhlis Muma Leon; Irwan Supriadin J =250 ##$$a Cet. 1 =260 ##$$a Mataram :$b Alam Tara Institut,$c 2013 =300 ##$$a xii, 127 ; $c 20 cm =500 ##$$a Biografi hlm : 127 =650 #4$$a Hukum Islam - Bima =700 #$$a Mukhlis Muma Leon =700 #$$a Irwan Supriadin J =850 ##$$a NBPDMAT =990 ##$$a 21605385 =990 ##$$a 21605386 =990 ##$$a 21605387 =990 ##$$a 21605388 =990 ##$$a 21605389 =990 ##$$a 052/46/2017 =990 ##$$a 21605386 =990 ##$$a 21605387 =990 ##$$a 21605388 =990 ##$$a 21605389 =990 ##$$a 052/46/2017 =990 ##$$a 052/46/2017 =990 ##$$a 21605387 =990 ##$$a 21605388 =990 ##$$a 21605389 =990 ##$$a 052/46/2017 =990 ##$$a 052/46/2017 =990 ##$$a 052/46/2017 =990 ##$$a 21605388 =990 ##$$a 21605389 =990 ##$$a 052/46/2017 =990 ##$$a 052/46/2017 =990 ##$$a 052/46/2017 =990 ##$$a 052/46/2017 =990 ##$$a 21605389 =990 ##$$a 052/46/2017 =990 ##$$a 052/46/2017 =990 ##$$a 052/46/2017 =990 ##$$a 052/46/2017 =990 ##$$a 052/46/2017